| 000 | 00649nam a22002177a 4500 | ||
|---|---|---|---|
| 999 |
_c20701 _d20701 |
||
| 003 | OSt | ||
| 005 | 20210315145523.0 | ||
| 008 | 170112b xxu||||| |||| 00| 0 eng d | ||
| 020 | _a0393969940 (pbk.) | ||
| 040 |
_aMMU _cMMU _dMMU _beng |
||
| 050 | 0 | 0 |
_aBF95 _b.F3 1996 |
| 100 | 1 | _aFancher, Raymond E. | |
| 245 | 1 | 0 |
_aPioneers of psychology / _cRaymond E. Fancher. |
| 250 | _a3rd ed. | ||
| 260 |
_aNew York : _bNorton, _cc1996. |
||
| 300 |
_axiv, 511 p. : _bill. ; _c21 cm. |
||
| 500 | _aIncludes bibliographical references (p. 479-494) and index. | ||
| 650 | 0 |
_aPsychology _xHistory. |
|
| 650 | 0 |
_aPsychologists _xHistory. |
|
| 942 |
_2lcc _cLOAN LOAN |
||